<?xml version="1.0" encoding="UTF-8"?>
<record
    xmlns:xsi="http://www.w3.org/2001/XMLSchema-instance"
    xsi:schemaLocation="http://www.loc.gov/MARC21/slim http://www.loc.gov/standards/marcxml/schema/MARC21slim.xsd"
    xmlns="http://www.loc.gov/MARC21/slim">

  <leader>02567nam a22004217a 4500</leader>
  <controlfield tag="003">DO-SdBNP</controlfield>
  <controlfield tag="005">20260116073830.0</controlfield>
  <controlfield tag="008">110301s2007    sp            000 0 spa d</controlfield>
  <datafield tag="020" ind1=" " ind2=" ">
    <subfield code="a">9788449422553 (O.C)</subfield>
  </datafield>
  <datafield tag="020" ind1=" " ind2=" ">
    <subfield code="a">9788449422560 (v. I)</subfield>
  </datafield>
  <datafield tag="020" ind1=" " ind2=" ">
    <subfield code="a">9788449422577 (v. 2)</subfield>
  </datafield>
  <datafield tag="020" ind1=" " ind2=" ">
    <subfield code="a">97884494222584 (v. 3)</subfield>
  </datafield>
  <datafield tag="020" ind1=" " ind2=" ">
    <subfield code="a">9788449422591 (v. 4)</subfield>
  </datafield>
  <datafield tag="020" ind1=" " ind2=" ">
    <subfield code="a">9788449422607 (v. 5)</subfield>
  </datafield>
  <datafield tag="020" ind1=" " ind2=" ">
    <subfield code="a">9788449422614 (v. 6)</subfield>
  </datafield>
  <datafield tag="020" ind1=" " ind2=" ">
    <subfield code="a">9788449422621 (v. 7)</subfield>
  </datafield>
  <datafield tag="020" ind1=" " ind2=" ">
    <subfield code="a">9788449422638 (v. 8)</subfield>
  </datafield>
  <datafield tag="040" ind1=" " ind2=" ">
    <subfield code="a">DO-SdBNP</subfield>
    <subfield code="b">spa</subfield>
    <subfield code="c">BNPHU</subfield>
  </datafield>
  <datafield tag="082" ind1=" " ind2="4">
    <subfield code="a">302.2 </subfield>
    <subfield code="b">B582p </subfield>
    <subfield code="2">22</subfield>
  </datafield>
  <datafield tag="245" ind1="0" ind2="0">
    <subfield code="a">Biblioteca pr&#xE1;ctica de comunicaci&#xF3;n /</subfield>
    <subfield code="c">edici&#xF3;n, Jos&#xE9; Ma. D&#xED;az de Mendivil ; direcci&#xF3;n,  Carlos de Gispert</subfield>
  </datafield>
  <datafield tag="246" ind1="3" ind2="4">
    <subfield code="a">M&#xE1;ster biblioteca pr&#xE1;ctica de comunicaci&#xF3;n </subfield>
  </datafield>
  <datafield tag="260" ind1=" " ind2=" ">
    <subfield code="a">Barcelona, Espa&#xF1;a :</subfield>
    <subfield code="b">Oceano,</subfield>
    <subfield code="c">2007.</subfield>
  </datafield>
  <datafield tag="300" ind1=" " ind2=" ">
    <subfield code="a">8 v. :</subfield>
    <subfield code="c">24 cm.</subfield>
    <subfield code="e">+ CD ROOM</subfield>
  </datafield>
  <datafield tag="505" ind1="0" ind2=" ">
    <subfield code="g">v.1. </subfield>
    <subfield code="g">Autodominio --</subfield>
    <subfield code="t">El conocimiento de uno mismo --</subfield>
    <subfield code="t">C&#xF3;mo mejorar la autoestima --</subfield>
    <subfield code="t">C&#xF3;mo mejorar la seguridad en uno mismo--</subfield>
    <subfield code="g">v. 2 --</subfield>
    <subfield code="g">Aprendizaje --</subfield>
    <subfield code="t">La capacidad de aprender --</subfield>
    <subfield code="t">El aprendizaje de calidad --</subfield>
    <subfield code="t">El estudio --</subfield>
    <subfield code="g">v. 3 --</subfield>
    <subfield code="g">Lectura y memorizaci&#xF3;n --</subfield>
    <subfield code="t">La memoria --</subfield>
    <subfield code="t">La lectura --</subfield>
    <subfield code="t">Ejercicios complementarios --</subfield>
    <subfield code="g">v. 4 --</subfield>
    <subfield code="g">Expresi&#xF3;n oral --</subfield>
    <subfield code="t">La comunicaci&#xF3;n humana --</subfield>
    <subfield code="t">Las situaciones de comunicaci&#xF3;n --</subfield>
    <subfield code="t">Soluciones a los ejercicios --</subfield>
    <subfield code="g">v. 5 --</subfield>
    <subfield code="g">Expresi&#xF3;n escrita --</subfield>
    <subfield code="t">La preparaci&#xF3;n y el estilo --</subfield>
    <subfield code="t">Escribir en clase --</subfield>
    <subfield code="t">Escribir en el trabajo --</subfield>
    <subfield code="t">Escribir en sociedad --</subfield>
    <subfield code="g">v. 6 --</subfield>
    <subfield code="g">Vocabulario --</subfield>
    <subfield code="t">El significado de las palabras --</subfield>
    <subfield code="t">&#xBF;C&#xF3;mo se forman las palabras? --</subfield>
    <subfield code="t">Los diccionarios --</subfield>
    <subfield code="t">Soluciones a los ejercicios --</subfield>
    <subfield code="g">v. 7 --</subfield>
    <subfield code="g">Gram&#xE1;tica --</subfield>
    <subfield code="t">Las partes de la oraci&#xF3;n --</subfield>
    <subfield code="t">La oraci&#xF3;n --</subfield>
    <subfield code="t">Soluciones a los ejercicios --</subfield>
    <subfield code="t">An&#xE1;lisis de las oraciones --</subfield>
    <subfield code="g">v. 8 --</subfield>
    <subfield code="g">Ortograf&#xED;a --</subfield>
    <subfield code="t">Nociones generales --</subfield>
    <subfield code="t">Los errores m&#xE1;s comunes --</subfield>
    <subfield code="t">La acentuaci&#xF3;n --</subfield>
    <subfield code="t">La puntuaci&#xF3;n /</subfield>
  </datafield>
  <datafield tag="590" ind1=" " ind2=" ">
    <subfield code="a">Inventariado, 2022/ YL</subfield>
  </datafield>
  <datafield tag="650" ind1=" " ind2="4">
    <subfield code="a">Comunicaci&#xF3;n oral</subfield>
    <subfield code="9">81619</subfield>
    <subfield code="x">Problemas, ejercicios, etc.</subfield>
  </datafield>
  <datafield tag="650" ind1=" " ind2="4">
    <subfield code="a">Hablar en p&#xFA;blico</subfield>
    <subfield code="x">Problemas, ejercicios, etc.</subfield>
    <subfield code="9">81620</subfield>
  </datafield>
  <datafield tag="650" ind1=" " ind2="4">
    <subfield code="a">Ortograf&#xED;a</subfield>
    <subfield code="x">Problemas, ejercicios, etc.</subfield>
    <subfield code="9">9599</subfield>
  </datafield>
  <datafield tag="650" ind1=" " ind2="0">
    <subfield code="a">Autoestima </subfield>
    <subfield code="x">Gram&#xE1;tica.</subfield>
    <subfield code="9">212</subfield>
  </datafield>
  <datafield tag="650" ind1=" " ind2="4">
    <subfield code="a">Espa&#xF1;ol</subfield>
    <subfield code="9">81621</subfield>
    <subfield code="x">Ortograf&#xED;a.</subfield>
  </datafield>
  <datafield tag="650" ind1=" " ind2="4">
    <subfield code="a">Ortograf&#xED;a.</subfield>
    <subfield code="x">Problemas, ejercicios, etc.</subfield>
    <subfield code="9">81623</subfield>
  </datafield>
  <datafield tag="650" ind1=" " ind2="4">
    <subfield code="a">Composici&#xF3;n y ejercicios.</subfield>
    <subfield code="v">Problemas, ejercicios, etc.</subfield>
    <subfield code="9">81624</subfield>
  </datafield>
  <datafield tag="700" ind1="1" ind2="2">
    <subfield code="a"> D&#xED;az de Mendivil , Jos&#xE9; Ma.</subfield>
    <subfield code="e">ed.</subfield>
    <subfield code="9">81625</subfield>
  </datafield>
  <datafield tag="700" ind1="1" ind2="2">
    <subfield code="a">Gispert, Carlos de,</subfield>
    <subfield code="e">ed.</subfield>
    <subfield code="9">33561</subfield>
  </datafield>
  <datafield tag="700" ind1="1" ind2="2">
    <subfield code="a">Gispert, Carlos de</subfield>
    <subfield code="9">33561</subfield>
  </datafield>
  <datafield tag="910" ind1=" " ind2=" ">
    <subfield code="a">YLockward/Validado. Control de calidad MFF</subfield>
  </datafield>
  <datafield tag="942" ind1=" " ind2=" ">
    <subfield code="2">ddc</subfield>
    <subfield code="c">LBS1</subfield>
  </datafield>
  <datafield tag="952" ind1=" " ind2=" ">
    <subfield code="0">0</subfield>
    <subfield code="1">0</subfield>
    <subfield code="2">ddc</subfield>
    <subfield code="5">6</subfield>
    <subfield code="7">0</subfield>
    <subfield code="8">GR</subfield>
    <subfield code="a">BNPHU</subfield>
    <subfield code="b">BNPHU</subfield>
    <subfield code="c">HD</subfield>
    <subfield code="d">2018-07-02</subfield>
    <subfield code="e">CER-TV</subfield>
    <subfield code="o">BNPHU GR 302.2  B528p</subfield>
    <subfield code="p">2022-2119</subfield>
    <subfield code="r">2022-05-16</subfield>
    <subfield code="t">v. 1</subfield>
    <subfield code="w">2022-05-16</subfield>
    <subfield code="y">LBS1</subfield>
  </datafield>
  <datafield tag="952" ind1=" " ind2=" ">
    <subfield code="0">0</subfield>
    <subfield code="1">0</subfield>
    <subfield code="2">ddc</subfield>
    <subfield code="5">6</subfield>
    <subfield code="7">0</subfield>
    <subfield code="8">GR</subfield>
    <subfield code="a">BNPHU</subfield>
    <subfield code="b">BNPHU</subfield>
    <subfield code="c">HD</subfield>
    <subfield code="d">2018-07-02</subfield>
    <subfield code="e">CER-TV</subfield>
    <subfield code="o">BNPHU GR 302.2  B582p</subfield>
    <subfield code="p">2022-2120</subfield>
    <subfield code="r">2022-05-16</subfield>
    <subfield code="t">v. 2</subfield>
    <subfield code="w">2022-05-16</subfield>
    <subfield code="y">LBS1</subfield>
  </datafield>
  <datafield tag="952" ind1=" " ind2=" ">
    <subfield code="0">0</subfield>
    <subfield code="1">0</subfield>
    <subfield code="2">ddc</subfield>
    <subfield code="5">6</subfield>
    <subfield code="7">0</subfield>
    <subfield code="8">GR</subfield>
    <subfield code="a">BNPHU</subfield>
    <subfield code="b">BNPHU</subfield>
    <subfield code="c">HD</subfield>
    <subfield code="d">2018-07-02</subfield>
    <subfield code="e">CER-TV</subfield>
    <subfield code="o">BNPHU GR 302.2 B582p</subfield>
    <subfield code="p">2022-2121</subfield>
    <subfield code="r">2022-05-16</subfield>
    <subfield code="t">v. 3</subfield>
    <subfield code="w">2022-05-16</subfield>
    <subfield code="y">LBS1</subfield>
  </datafield>
  <datafield tag="952" ind1=" " ind2=" ">
    <subfield code="0">0</subfield>
    <subfield code="1">0</subfield>
    <subfield code="2">ddc</subfield>
    <subfield code="5">6</subfield>
    <subfield code="7">0</subfield>
    <subfield code="8">GR</subfield>
    <subfield code="a">BNPHU</subfield>
    <subfield code="b">BNPHU</subfield>
    <subfield code="c">HD</subfield>
    <subfield code="d">2018-07-02</subfield>
    <subfield code="e">CER-TV</subfield>
    <subfield code="o">BNPHU GR 302.2   B582p</subfield>
    <subfield code="p">2022-2122</subfield>
    <subfield code="r">2022-05-16</subfield>
    <subfield code="t">v. 4</subfield>
    <subfield code="w">2022-05-16</subfield>
    <subfield code="y">LBS1</subfield>
  </datafield>
  <datafield tag="952" ind1=" " ind2=" ">
    <subfield code="0">0</subfield>
    <subfield code="1">0</subfield>
    <subfield code="2">ddc</subfield>
    <subfield code="5">6</subfield>
    <subfield code="7">0</subfield>
    <subfield code="8">GR</subfield>
    <subfield code="a">BNPHU</subfield>
    <subfield code="b">BNPHU</subfield>
    <subfield code="c">HD</subfield>
    <subfield code="d">2018-07-02</subfield>
    <subfield code="e">CER-TV</subfield>
    <subfield code="o">BNPHU GR 302.2 B582p</subfield>
    <subfield code="p">2022-2123</subfield>
    <subfield code="r">2022-05-16</subfield>
    <subfield code="t">v. 5</subfield>
    <subfield code="w">2022-05-16</subfield>
    <subfield code="y">LBS1</subfield>
  </datafield>
  <datafield tag="952" ind1=" " ind2=" ">
    <subfield code="0">0</subfield>
    <subfield code="1">0</subfield>
    <subfield code="2">ddc</subfield>
    <subfield code="7">0</subfield>
    <subfield code="8">GR</subfield>
    <subfield code="a">BNPHU</subfield>
    <subfield code="b">BNPHU</subfield>
    <subfield code="c">HD</subfield>
    <subfield code="d">2018-07-02</subfield>
    <subfield code="e">CER-TV</subfield>
    <subfield code="o">BNPHU GR 302.2 B582p</subfield>
    <subfield code="p">2022-2124</subfield>
    <subfield code="r">2022-05-16</subfield>
    <subfield code="t">v. 6</subfield>
    <subfield code="w">2022-05-16</subfield>
    <subfield code="y">LBS1</subfield>
  </datafield>
  <datafield tag="952" ind1=" " ind2=" ">
    <subfield code="0">0</subfield>
    <subfield code="1">0</subfield>
    <subfield code="2">ddc</subfield>
    <subfield code="5">6</subfield>
    <subfield code="7">0</subfield>
    <subfield code="8">GR</subfield>
    <subfield code="a">BNPHU</subfield>
    <subfield code="b">BNPHU</subfield>
    <subfield code="c">HD</subfield>
    <subfield code="d">2018-07-02</subfield>
    <subfield code="e">CER-TV</subfield>
    <subfield code="o">BNPHU GR 302.2 B582p</subfield>
    <subfield code="p">2022-2125</subfield>
    <subfield code="r">2022-05-16</subfield>
    <subfield code="t">v. 7</subfield>
    <subfield code="w">2022-05-16</subfield>
    <subfield code="y">LBS1</subfield>
  </datafield>
  <datafield tag="952" ind1=" " ind2=" ">
    <subfield code="0">0</subfield>
    <subfield code="1">0</subfield>
    <subfield code="2">ddc</subfield>
    <subfield code="5">6</subfield>
    <subfield code="7">0</subfield>
    <subfield code="8">GR</subfield>
    <subfield code="a">BNPHU</subfield>
    <subfield code="b">BNPHU</subfield>
    <subfield code="c">HD</subfield>
    <subfield code="d">2018-07-02</subfield>
    <subfield code="e">CER-TV</subfield>
    <subfield code="o">BNPHU GR 302.2 B582p</subfield>
    <subfield code="p">2022-2126</subfield>
    <subfield code="r">2022-05-16</subfield>
    <subfield code="t">v. 8</subfield>
    <subfield code="w">2022-05-16</subfield>
    <subfield code="y">LBS1</subfield>
  </datafield>
  <datafield tag="999" ind1=" " ind2=" ">
    <subfield code="c">51732</subfield>
    <subfield code="d">51732</subfield>
  </datafield>
</record>
